Living gently in a violent world : (Record no. 125071)
[ view plain ]
| 000 -LEADER | |
|---|---|
| fixed length control field | 01828cam a2200361 a 4500 |
| 001 - CONTROL NUMBER | |
| control field | 15306065 |
| 003 - CONTROL NUMBER IDENTIFIER | |
| control field | ARRUPE |
| 005 - DATE AND TIME OF LATEST TRANSACTION | |
| control field | 20171107083843.0 |
| 008 - FIXED-LENGTH DATA ELEMENTS--GENERAL INFORMATION | |
| fixed length control field | 080527s2008 ilu b 000 0 eng |
| 010 ## - LIBRARY OF CONGRESS CONTROL NUMBER | |
| LC control number | 2008022662 |
| 020 ## - INTERNATIONAL STANDARD BOOK NUMBER | |
| International Standard Book Number | 9780830834525 (pbk. : alk. paper) |
| 020 ## - INTERNATIONAL STANDARD BOOK NUMBER | |
| International Standard Book Number | 0830834524 (pbk. : alk. paper) |
| 035 ## - SYSTEM CONTROL NUMBER | |
| System control number | (OCoLC)ocn230915597 |
| 035 ## - SYSTEM CONTROL NUMBER | |
| System control number | (OCoLC)230915597 |
| 040 ## - CATALOGING SOURCE | |
| Original cataloging agency | DLC |
| Transcribing agency | DLC |
| Modifying agency | BTCTA |
| -- | OCLCG |
| -- | YDXCP |
| -- | C#P |
| -- | BWX |
| -- | DLC |
| 050 00 - LIBRARY OF CONGRESS CALL NUMBER | |
| Classification number | BT741.3 |
| Item number | .H38 2008 |
| 082 00 - DEWEY DECIMAL CLASSIFICATION NUMBER | |
| Classification number | 261.8/324 |
| Edition number | 22 |
| 300 ## - PHYSICAL DESCRIPTION | |
| Dimensions | 21 cm. |
| 100 1# - MAIN ENTRY--PERSONAL NAME | |
| Personal name | Hauerwas, Stanley, |
| Dates associated with a name | 1940- |
| 9 (RLIN) | 6352 |
| 245 10 - TITLE STATEMENT | |
| Title | Living gently in a violent world : |
| Remainder of title | the prophetic witness of weakness / |
| Statement of responsibility, etc | Stanley Hauerwas & Jean Vanier ; introduction by John Swinton. |
| 260 ## - PUBLICATION, DISTRIBUTION, ETC. (IMPRINT) | |
| Place of publication, distribution, etc | Downers Grove, Ill. : |
| Name of publisher, distributor, etc | IVP Books, |
| Date of publication, distribution, etc | c2008. |
| 300 ## - PHYSICAL DESCRIPTION | |
| Extent | 115 p. ; |
| 440 #0 - SERIES STATEMENT/ADDED ENTRY--TITLE | |
| Title | Resources for reconciliation |
| 9 (RLIN) | 25288 |
| 504 ## - BIBLIOGRAPHY, ETC. NOTE | |
| Bibliography, etc | Includes bibliographical references (p. [107]-110). |
| 505 0# - FORMATTED CONTENTS NOTE | |
| Formatted contents note | Introduction: Living gently in a violent world / by John Swinton -- The fragility of l'Arche and the friendship of God / by Jean Vanier -- Finding God in strange places : why l'Arche needs the church / by Stanley Hauerwas -- The vision of Jesus : living peaceably in a wounded world / by Jean Vanier -- The politics of gentleness / by Stanley Hauerwas -- Conclusion: L'Arche as a peace movement / by John Swinton. |
| 610 20 - SUBJECT ADDED ENTRY--CORPORATE NAME | |
| Corporate name or jurisdiction name as entry element | Arche (Association) |
| 9 (RLIN) | 14392 |
| 650 #0 - SUBJECT ADDED ENTRY--TOPICAL TERM | |
| Topical term or geographic name as entry element | Human body |
| General subdivision | Religious aspects |
| -- | Christianity. |
| 9 (RLIN) | 641 |
| 650 #0 - SUBJECT ADDED ENTRY--TOPICAL TERM | |
| Topical term or geographic name as entry element | Disabilities |
| General subdivision | Religious aspects |
| -- | Christianity. |
| 9 (RLIN) | 25289 |
| 650 #0 - SUBJECT ADDED ENTRY--TOPICAL TERM | |
| Topical term or geographic name as entry element | Church work with people with disabilities. |
| 9 (RLIN) | 25290 |
| 700 1# - ADDED ENTRY--PERSONAL NAME | |
| Personal name | Vanier, Jean, |
| Dates associated with a name | 1928- |
| 9 (RLIN) | 14391 |
| 906 ## - LOCAL DATA ELEMENT F, LDF (RLIN) | |
| a | 7 |
| b | cbc |
| c | orignew |
| d | 1 |
| e | ecip |
| f | 20 |
| g | y-gencatlg |
| 942 ## - ADDED ENTRY ELEMENTS (KOHA) | |
| Source of classification or shelving scheme | Library of Congress Classification |
| Koha item type | Monograph ( Printed materials) |
| Withdrawn status | Lost status | Source of classification or shelving scheme | Damaged status | Not for loan | Collection code | Home library | Current library | Shelving location | Date acquired | Total Checkouts | Full call number | Barcode | Date last seen | Price effective from | Koha item type |
|---|---|---|---|---|---|---|---|---|---|---|---|---|---|---|---|
| Library of Congress Classification | Main Collection | ARRUPE LIBRARY | ARRUPE LIBRARY | Main Collection | 23/08/2016 | BT741.3 .H38 2008 | 46500026591 | 23/08/2016 | 23/08/2016 | Monograph ( Printed materials) |